LEADER 03312nam 2200649 a 450 001 9910493681703321 005 20170815145230.0 010 $a1-282-62788-0 010 $a9786612627880 010 $a1-84545-929-6 035 $a(CKB)2560000000012107 035 $a(EBL)544326 035 $a(OCoLC)645100802 035 $a(SSID)ssj0000383496 035 $a(PQKBManifestationID)12101841 035 $a(PQKBTitleCode)TC0000383496 035 $a(PQKBWorkID)10330318 035 $a(PQKB)10111773 035 $a(MiAaPQ)EBC544326 035 $a(EXLCZ)992560000000012107 100 $a20090326d2009 uy 0 101 0 $aeng 135 $aur|n|---||||| 181 $ctxt 182 $cc 183 $acr 200 00$aCulture & rhetoric$b[electronic resource] /$fedited by Ivo Strecker and Stephen Tyler 210 $aNew York $cBerghahn Books$d2009 215 $a1 online resource (267 p.) 225 1 $aStudies in rhetoric and culture ;$vv. 1 300 $aDescription based upon print version of record. 311 $a0-85745-665-2 311 $a1-84545-463-4 320 $aIncludes bibliographical references and index. 327 $aTtile page-Culture & Rhetoric; Contents; Preface; Acknowledgments; Introduction; Part I-the Chiasm of Rhetoric and Culture; Chapter 1-The Rhetoric Culture Project; Chapter 2-Precursors of Rhetoric Culture Theory; Chapter 3-Homo Rhetoricus; Chapter 4-Listening Culture; Chapter 5-Practice of Rhetoric, Rhetoric of Practice; Chapter 6-Chiastic Thought and Culture; Chapter 7-When Fair is Foul and Foul is Fair; Part II-Figuration-The Persuasive Power of Deeds and Tropes; Chapter 8-Rhetoric, Truth, and the Work of Trope; Chapter 9-Figuration-A Common Ground of Rhetoric and Anthropology 327 $aChapter 10-Tropical Foundations and Foundational Tropes of CultureChapter 11-Convictions: Embodied Rhetorics of Earnest Belief; Chapter 12-An Epostemological Query; Chapter 13-Beyond the Unsaid; Chapter 14-Future Imperfect; Contributors; Index 330 $aWhile some scholars have said that there is no such thing as culture and have urged to abandon the concept altogether, the contributors to this volume overcome this impasse by understanding cultures and their representations for what they ultimately are - rhetorical constructs. These senior, international scholars explore the complex and multifarious relationships between culture and rhetoric arguing that just as rhetoric is founded in culture, culture is founded in rhetoric. This intersection of rhetoric and culture constitutes the central theme of the first part of the book, while the second 410 0$aStudies in rhetoric and culture ;$vv. 1. 606 $aCulture$xSemiotic models 606 $aCommunication and culture 606 $aLanguage and culture 606 $aRhetoric 608 $aElectronic books. 615 0$aCulture$xSemiotic models. 615 0$aCommunication and culture. 615 0$aLanguage and culture. 615 0$aRhetoric. 676 $a306 701 $aStrecker$b Ivo A.$f1940-$0937332 701 $aTyler$b Stephen A.$f1932-$0185464 801 0$bMiAaPQ 801 1$bMiAaPQ 801 2$bMiAaPQ 906 $aBOOK 912 $a9910493681703321 996 $aCulture & rhetoric$92468702 997 $aUNINA LEADER 01184nam a22003014i 4500 001 991000350719707536 008 080909s2004 flua b 001 0 eng d 020 $a1584884134 035 $ab13844751-39ule_inst 040 $aDip.to Matematica$beng 082 00$a332.01519233$222 084 $aAMS 91B 084 $aLC HG106.C66 100 1 $aCont, Rama$0471726 245 10$aFinancial modelling with jump processes /$cRama Cont, Peter Tankov 260 $aBoca Raton, Fla. :$bChapman & Hall/CRC,$cc2004 300 $axvi, 535 p. :$bill. ;$c24 cm 440 0$aChapman & Hall/CRC financial mathematics series 504 $aIncludes bibliographical references (p. 501-527) and index 650 0$aFinance$xMathematical models 650 0$aJump processes 700 1 $aTankov, Peter$eauthor$4http://id.loc.gov/vocabulary/relators/aut$0286880 907 $a.b13844751$b28-01-14$c08-09-09 912 $a991000350719707536 945 $aLE013 91B CON11 (2004)$g1$i2013000292441$lle013$op$pE77.83$q-$rl$s- $t0$u2$v0$w2$x0$y.i15003425$z17-09-09 996 $aFinancial modelling with jump processes$9757570 997 $aUNISALENTO 998 $ale013$b08-09-09$cm$da $e-$feng$gflu$h0$i0 LEADER 01690nas 2200433 n 450 001 990009020890403321 005 20240229084308.0 011 $a0031-0387 035 $a000902089 035 $aFED01000902089 035 $a(Aleph)000902089FED01 035 $a000902089 091 $2CNR$aP 00095574 100 $a20161109a19539999km-y0itaa50------ba 101 0 $afre 102 $aFR 110 $aauu-------- 200 1 $aPallas$eAnnales publiées par la Faculté des Lettres de Toulouse 207 1$a1953- 210 $aToulouse$cFaculte des lettres 431 0$12001$aAnnales publiées par la Faculté des Lettres de Toulouse 530 0 $aPallas 675 $a7 675 $a80 675 $a930 676 $a930.1 676 $a937 676 $a930 712 02$aUniversité de Toulouse-Le-Mirail.$bInstitut d'études hispaniques, hispano-americaines et luso-brésiliennes 801 0$aIT$bACNP$c20090723 859 4 $uhttp://acnp.cib.unibo.it/cgi-ser/start/it/cnr/dc-p1.tcl?catno=63989&person=false&language=ITALIANO&libr=&libr_th=unina1$zBiblioteche che possiedono il periodico 901 $aSE 912 $a990009020890403321 958 $aBRAU. Biblioteca di Ricerca di Area Umanistica$b1966-1969;1973-1979;$eEST.FRANCIA 64$fFLFBC 959 $aFLFBC 996 $aPallas$9789316 997 $aUNINA AP1 8 $6866-01$aNA072 BRAU. Biblioteca di Ricerca di Area Umanistica$bEST.FRANCIA 64$ePiazza Bellini 56/60, 80133 Napoli (NA)$m(081) 2533948$nit AP2 40$aacnp.cib.unibo.it$nACNP Italian Union Catalogue of Serials$uhttp://acnp.cib.unibo.it/cgi-ser/start/it/cnr/df-p.tcl?catno=63989&language=ITALIANO&libr=&person=&B=1&libr_th=unina&proposto=NO